000 00284nam a22001217a 4500
008 170131b xxu||||| |||| 00| 0 eng d
041 _aeng
080 _28TH
_a61
100 _a3
101 _aSHM
245 _aDISEASES OF GTHE LIVER AND BILIARY SYSTEM
_cSHERLOCK, SH
942 _2udc
_cBK
999 _c4149
_d4149